000 00511pab a2200181 454500
008 180718b2014 xxu||||| |||| 00| 0 eng d
100 _aLakkoju, Srinivas
245 _aHRD climate in Indian Banks: a comparison between SBI and KVB
260 _c2014
300 _ap.280-292.
362 _aOct
650 _aBanks - India
650 _aHuman resources development - India
650 _aHuman resources development
773 _aIndian Journal of Industrial Relations
908 _aN
909 _a106795
999 _c106790
_d106790